Libros de méritos que comenzó el 20 de noviembre de 1801 siendo secretario de estos colegios don Luis Bernardo de Zamacona

Detalles Bibliográficos
Formato: Libro
Publicado: Puebla de los Ángeles, 1801-1817
Materias:
Colección:Banco de datos
Acervo:Biblioteca Palafoxiana. Colección de Manuscritos
Descripción Física:93 f. ; 21 x 30.5 cm.
Tema general:Eclesiástica
LEADER 00455nam a22001330004500
035 |a 5309 
245 1 0 |a Libros de méritos que comenzó el 20 de noviembre de 1801 siendo secretario de estos colegios don Luis Bernardo de Zamacona 
260 |a Puebla de los Ángeles, 1801-1817 
300 |a 93 f. ; 21 x 30.5 cm. 
650 1 0 |a Eclesiástica 
949 |a R603/000 
942 |c PALAMANU 
943 |g Biblioteca Palafoxiana. Colección de Manuscritos 
999 |c 1073254  |d 1073254